书目信息 |
| 题名: |
詹姆斯·瑟伯寓言集
|
|
| 作者: | 瑟伯 著 ;杨筱艳 译 | |
| 分册: | ||
| 出版信息: | 南京 译林出版社 2022.04 |
|
| 页数: | 206页 | |
| 开本: | 21cm | |
| 丛书名: | ||
| 单 册: | ||
| 中图分类: | I712.74 | |
| 科图分类: | ||
| 主题词: | 寓言--yu yan--作品集--美国--现代 | |
| 电子资源: | ||
| ISBN: | 978-7-5447-9057-4 | |
| 000 | 01373nam0 2200265 450 | |
| 001 | 011025153829 | |
| 005 | 20221025153829.0 | |
| 010 | @a978-7-5447-9057-4@dCNY24.90 | |
| 100 | @a20201004d2022 em y0chiy0110 ea | |
| 101 | 1 | @achi@ceng |
| 102 | @aCN@b320000 | |
| 105 | @aa z 000fy | |
| 106 | @ar | |
| 200 | 1 | @a詹姆斯·瑟伯寓言集@Azhan mu si se bai yu yan ji@f(美) 詹姆斯·瑟伯著@g杨筱艳译 |
| 210 | @a南京@c译林出版社@d2022.04 | |
| 215 | @a206页@c图@d21cm | |
| 300 | @a双语经典 | |
| 312 | @a封面英文题名:James Thurber's fables for our time | |
| 330 | @a《詹姆斯·瑟伯寓言集》是中英对照双语版图书,包括詹姆斯·瑟伯写于1940年的《当代寓言集》及1956年的《当代寓言集》(续篇)。这两本幽默寓言可以说是詹姆斯·瑟伯最为出色的著作之一,文体非常简洁,对人类的弱点洞察入微,毫不留情。书中除了改编一些古老的寓言,瑟伯也加入了自己原创的故事。另外,书中还收录了瑟伯本人的亲笔插图,图文并茂。他的画笔能极为准确地捕捉到并投射出人物心理的微妙变化,充分展示出其自身出众的个体感知力和想象力。主要内容包括:城里老鼠下乡记、小姑娘与狼、两只火鸡、老虎的诡计、聪明绝顶的苍蝇等作品。本书买中文版赠英文版。 | |
| 510 | 1 | @aJames Thurber's fables for our time@zeng |
| 606 | 0 | @a寓言@Ayu yan@x作品集@y美国@z现代 |
| 690 | @aI712.74@v5 | |
| 701 | 0 | @c(美)@a瑟伯@Ase bai@g(Thurber, James@f1894-1961)@4著 |
| 702 | 0 | @a杨筱艳@Ayang xiao yan@4译 |
| 905 | @a河南城建学院图书馆@dI712.74@eZ053 | |
| 詹姆斯·瑟伯寓言集/(美) 詹姆斯·瑟伯著/杨筱艳译.-南京:译林出版社,2022.04 |
| 206页:图;21cm |
| 双语经典 |
| ISBN 978-7-5447-9057-4:CNY24.90 |
| 《詹姆斯·瑟伯寓言集》是中英对照双语版图书,包括詹姆斯·瑟伯写于1940年的《当代寓言集》及1956年的《当代寓言集》(续篇)。这两本幽默寓言可以说是詹姆斯·瑟伯最为出色的著作之一,文体非常简洁,对人类的弱点洞察入微,毫不留情。书中除了改编一些古老的寓言,瑟伯也加入了自己原创的故事。另外,书中还收录了瑟伯本人的亲笔插图,图文并茂。他的画笔能极为准确地捕捉到并投射出人物心理的微妙变化,充分展示出其自身出众的个体感知力和想象力。主要内容包括:城里老鼠下乡记、小姑娘与狼、两只火鸡、老虎的诡计、聪明绝顶的苍蝇等作品。本书买中文版赠英文版。 |
| ● |
| 相关链接 |
|
|
|
正题名:詹姆斯·瑟伯寓言集
索取号:I712.74/Z053
 
预约/预借
| 序号 | 登录号 | 条形码 | 馆藏地/架位号 | 状态 | 备注 |
| 1 | 1589697 | 215896975 | 文学库116/116文学库 30排4列6层/ [索取号:I712.74/Z053] | 在馆 | |
| 2 | 1589698 | 215896984 | 文学库116/116文学库 30排4列6层/ [索取号:I712.74/Z053] | 在馆 |